000 00358pam a2200157a 44500
008 230515b1985 xxu||||| |||| 00| 0 eng d
020 _aNULL
041 _aENGLISH
082 _a630
100 _aBHATT N D
245 _aMACHINE DRAWING
250 _a2
260 _aDELHI
_bCBS PUBLISHERS AND DISTRIBUTORS LTD.
_c1985
300 _a214
650 _aNULL
999 _c651438
_d651438